000 00676cam a22002532 4500
001 21103
003 BD-RjUL
005 20211209000640.0
008 140303t1953 enk b 001 0 eng
035 _a(BD-RjUL)21167
040 _aDLC
_cWSU
_dOCL
_dUKM
_dEQO
_dBD-RjUL
_beng
041 _aeng
082 0 4 _a808.1
_bWHP 1953
100 1 _aWhalley, George,
_d1915-
_965220
245 1 0 _aPoetic process /
260 _aLondon :
_bRoutledge & K. Paul,
_c1953.
300 _a256 p. ;
_c22 cm.
504 _aBibliographical reference and index.
650 0 _aPoetics.
_965221
650 0 _aPoetry.
_965222
942 _2ddc
_cBK
999 _c21103
_d21103